Návrh energetických systémov a zdroja tepla/chladu s využitím OZE pre montovaný modulárny bytový dom

Na minha lista:
Detalhes bibliográficos
Autor principal: Bolček, Martin (Author)
Outros Autores: Kalús, Daniel (Thesis advisor)
Formato: Manuscrito Livro
Idioma:eslovaco
Publicado em: 2025
Assuntos:
Acesso em linha:http://is.stuba.sk/zp/portal_zp.pl?podrobnosti=182036
CRZP
Tags: Adicionar Tag
Sem tags, seja o primeiro a adicionar uma tag!

MARC

LEADER 00000ntm a22000003a 4500
001 stuzp104198
003 SK-STU
005 20250721112658.5
007 ta
008 150427s2015----xo-----f-mn---000-0-slo-d
040 |a STU  |b slo 
041 0 |a slo 
100 1 |a Bolček, Martin  |u 010290  |4 aut  |U SvF Stavebná fakulta  |T SvF Katedra technických zariadení budov  |X 126514  |U V290  |Y 31  |7 126514 
242 0 1 |a Design of energy systems and heat/cooling sources using RES for a prefabricated modular apartment building  |y eng 
245 1 0 |a Návrh energetických systémov a zdroja tepla/chladu s využitím OZE pre montovaný modulárny bytový dom 
260 |c 2025 
650 4 |a renewable energy sources  |2 eng 
650 4 |a apartment building  |2 eng 
650 4 |a modular construction  |2 eng 
650 4 |a wall heating and cooling  |2 eng 
650 4 |a heat pump  |2 eng 
650 4 |a active thermal protection  |2 eng 
650 4 |a OZE  |2 slo 
650 4 |a bytový dom  |2 slo 
650 4 |a modulárna výstavba  |2 slo 
650 4 |a tepelné čerpadlo  |2 slo 
650 4 |a aktívna tepelná ochrana  |2 slo 
650 4 |a stenové vykurovanie a chladenie  |2 slo 
700 1 |a Kalús, Daniel  |u 010290  |k Z1  |4 ths  |U SvF Stavebná fakulta  |T SvF Katedra technických zariadení budov  |X 799  |U V290  |Y 31  |7 A000000799 
856 4 |u http://is.stuba.sk/zp/portal_zp.pl?podrobnosti=182036 
856 4 |u https://opac.crzp.sk/?fn=detailBiblioForm&sid=809C367C54749DCAA141AAFF7E5A  |z CRZP